000 00636nam a2200217Ia 4500
003 GCL
008 140319s9999 xx 000 0 ara d
040 _aGCL /
_cGCL
082 0 4 _a177.2
_bع ا
100 1 _aعبدالقادر الشيخلى
245 1 0 _aاخلاقيات الحوار /
_cعبدالقادر الشيخلى
260 _a[S.N] :
_bدار الشروق ،
_c1993
300 _a99
490 _a
650 0 4 _aعلم النفس
650 0 4 _aالسلوك الاجتماعى
650 0 4 _aالحوار الادبى
650 0 4 _aالاخلاق الاجتماعية
650 0 4 _aالحوار
942 _2ddc
_cBK
999 _c32291
_d32291